| 000 | 00630nam a2200145Ia 4500 | ||
|---|---|---|---|
| 008 | 170221s9999 xx 000 0 und d | ||
| 100 | _aAleksandr A. Nikitin | ||
| 245 | 4 | _aThe Management of Advanced Training of Engineering and Technical Specialists Based on the Interaction between Universities and Business-Structures | |
| 245 | _cAleksandr A. Nikitin, Mikhail P. Palyanov, Marina V. Morozova, Aleksandr S. Markovichev | ||
| 260 | _bInternational Review of Management and Marketing | ||
| 260 | _cDecember 2012 | ||
| 300 | _a4:2 | ||
| 650 | _xMarketing. | ||
| 856 | _uhttp://www.econjournals.com/index.php/irmm/issue/view/64 | ||
| 999 |
_c310458 _d310458 |
||